00000000nam##2200000za#4500
0019.571179
003CaOODSP
00520210624182610
007cr |||||||||||
008150406|1993||||xxc|||||o    f|0| 0 eng|d
040 |aCaOODSP|beng
043 |an-cn---
0861 |aEn1-17/4-1993E-PDF
1101 |aCanada.|bEnvironment Canada. |bTechnology Development Section.
24510|aIndustrial wastewater. Sludge management in the pulp and paper industry |h[electronic resource]
260 |aMontreal - Quebec : |bEnvironment Canada. |cFebruary 1993.
300 |a6p.|bfig., tables, photographs
4901 |aSt. Lawrence technologies
500 |aThe catalogue number (En1-17/4-1993E), ISSN (1188-8903) and ISBN (0-662-20383-6) for the print edition have been incorrectly copied in this electronic publication.
590 |a12-02-Supp|b2012-01-20
69007|aPulp and paper industry|2gcpds
69007|aWaste water|2gcpds
69007|aWaste management|2gcpds
69007|aIndustrial waste|2gcpds
77508|tEaux usées industrielles. La gestion des boues dans l'industrie papetière |w(CaOODSP)9.601812
7760#|tSludge management in the pulp and paper industry |w(CaOODSP)9.608725
830#0|aSt. Lawrence technologies.|w(CaOODSP)9.504441
85640|ahttp://publications.gc.ca|qPDF|s686 KB|uhttps://publications.gc.ca/collections/Collection/En1-17-4-1993E.pdf